000 00482nam a2200193Ia 4500
003 OSt
005 20260109161337.0
008 210210b1998 xxu||||| |||| 00| 0 eng d
040 _cAL
041 _aEnglish
082 _a820.33 RAOM
100 _aKeshav Rao
_9125408
245 _aMan woman and god
260 _aMangalore
_bProf Keashav Felicitation Committee
_c1998
300 _axii,682p
690 _aIndian English Fiction
_9125409
906 _a053505
942 _2ddc
_cBK
999 _c101584
_d101584